000 00419pab a2200157 454500
008 180718b1999 xxu||||| |||| 00| 0 eng d
100 _aRamaswamy, E.A.
245 _aChanging economic structure and future of trade unions
260 _c1999
300 _ap.758-68
362 _aOct-Dec
650 _aTrade unions - India
650 _aTrade unions
773 _aIndian Journal of Labour Economics
909 _a43371
999 _c43371
_d43371